Moving on / (Record no. 156909)

MARC details
000 -LEADER
fixed length control field 00370nam a22001697a 4500
005 - DATE AND TIME OF LATEST TRANSACTION
control field 20180904154047.0
010 ## - LCCN (DPL NO)
LC control number ENG-123962
020 ## - INTERNATIONAL STANDARD BOOK NUMBER
Terms of availability 200.00
035 ## - SYSTEM CONTROL NUMBER
System control number EN-107494
037 ## - SOURCE OF ACQUISITION
Source of stock number/acquisition DBAD/PUB
082 ## - DEWEY DECIMAL CLASSIFICATION NUMBER
Classification number N
100 ## - MAIN ENTRY--PERSONAL NAME
Personal name Jha, Jaya
245 ## - TITLE STATEMENT
Title Moving on /
Statement of responsibility, etc by Jaya Jha
260 ## - PUBLICATION, DISTRIBUTION, ETC. (IMPRINT)
Name of publisher, distributor, etc Green Ink
300 ## - PHYSICAL DESCRIPTION
Extent 249p
Dimensions 20cm.(pbk.)
942 ## - ADDED ENTRY ELEMENTS (KOHA)
Source of classification or shelving scheme Dewey Decimal Classification
Item type English Books
Call number suffix JHA
Classification part N
Holdings
Withdrawn status Lost status Not for loan Collection code Home library Current library Date acquired Source of acquisition Cost, normal purchase price Full call number Barcode Copy number Cost, replacement price Koha item type
    Not For Loan Fiction D.B.Act.Division Bawana 04/09/2018 DBAD/PUB 200.00 N JHA EN-107494 1 200.00 English Books

© Delhi Public Library
Hit Counter
free hit counter